Every US Park with a B&M - Statistics

General Stats
  • This quiz has been taken 372 times
  • The average score is 25 of 28
Answers on the Map
Answers color-coded by a green-red scale on the quiz's map according to % correct below.
 
Answer Stats
Answer % Correct
Cedar Point
98%
Six Flags Great America
98%
Six Flags Great Adventure
96%
Six Flags Over Texas
96%
Kings Island
95%
Six Flags Magic Mountain
95%
Busch Gardens Tampa
94%
Dollywood
93%
Islands of Adventure
93%
Six Flags Over Georgia
93%
Carowinds
92%
Kings Dominion
92%
Six Flags Fiesta Texas
92%
Hersheypark
91%
Busch Gardens Williamsburg
90%
Knott's Berry Farm
89%
Six Flags New England
87%
SeaWorld Orlando
85%
Six Flags America
85%
SeaWorld San Diego
84%
Silver Dollar City
83%
SeaWorld San Antonio
82%
Dorney
81%
Six Flags Discovery Kingdom
81%
Holiday World
80%
Six Flags St. Louis
79%
California's Great America
76%
Worlds of Fun
71%
No matching quizzes found
Score Distribution
Percent of People with Each Score
Percentile by Number Answered
Your Score History
You have not taken this quiz